Девятый вал (Запись № 10633161)
[ простой вид ]
| 000 -МАРКЕР | |
|---|---|
| контрольное поле | 01273nas0a22003011i 4500 |
| 001 - ИДЕНТИФИКАТОР ЗАПИСИ | |
| контрольное поле | RU\NLR\DRGNLR\1250 |
| 005 - ИДЕНТИФИКАТОР ВЕРСИИ | |
| контрольное поле | 20240729012445.0 |
| 035 ## - ДРУГИЕ СИСТЕМНЫЕ НОМЕРА | |
| Идентификатор записи | (NLR Aleph) 010309821 |
| 100 ## - ДАННЫЕ ОБЩЕЙ ОБРАБОТКИ | |
| Данные общей обработки | 20080514b1906 u y0rusy50 ca |
| 101 0# - ЯЗЫК РЕСУРСА | |
| Язык текста, звукозаписи и т.д. | русский |
| 102 ## - СТРАНА ПУБЛИКАЦИИ ИЛИ ПРОИЗВОДСТВА | |
| Страна публикации | Российская Федерация |
| 110 ## - ПОЛЕ КОДИРОВАННЫХ ДАННЫХ: ПРОДОЛЖАЮЩИЕСЯ РЕСУРСЫ | |
| Кодированные данные продолжающегося ресурса | cya|||||||| |
| 200 1# - ЗАГЛАВИЕ И СВЕДЕНИЯ ОБ ОТВЕТСТВЕННОСТИ | |
| Основное заглавие | Девятый вал |
| Сведения, относящиеся к заглавию | Ежедн. газ. |
| Первые сведения об ответственности | Ред.-изд. Т.А.Палавандова |
| 210 ## - ПУБЛИКАЦИЯ, РАСПРОСТРАНЕНИЕ И ДР. | |
| Место издания, распространения и т.д. | Тифлис |
| Дата издания, распространения и т.д. | 1906, 1 июня - 3 июня |
| 311 ## - ПРИМЕЧАНИЯ, ОТНОСЯЩИЕСЯ К ПОЛЯМ СВЯЗИ (ПРИМЕЧАНИЯ О СВЯЗИ С ДРУГИМИ ПРОИЗВЕДЕНИЯМИ (ИЗДАНИЯМИ)) | |
| Текст примечания | С 17 по 18 мая 1906 изд. газ. "Огни" (см. ); С 6 июня 1906 изд. газ. "<Народ>" (см. ) |
| 488 #0 - ДРУГИЕ ВЗАИМОСВЯЗАННЫЕ ПРОИЗВЕДЕНИЯ (ДОКУМЕНТЫ) | |
| Встроенное поле | 001RU\NLR\DRGNLR\3296 |
| -- | 2001#$aОгни$eЕжедн. изд.$fРед.-изд. П.З.Насидзе |
| Системный номер (АБИС) связанной записи | 10639962 |
| Место публикации | Тифлис |
| Дата публикации | 1906, 17 мая - [18 мая] |
| Первые сведения об ответственности | Ред.-изд. П.З.Насидзе |
| Сведения, относящиеся к заглавию | Ежедн. изд. |
| Заглавие | Огни |
| 540 1# - ДОПОЛНИТЕЛЬНОЕ ЗАГЛАВИЕ, ПРИМЕНЯЕМОЕ КАТАЛОГИЗАТОРОМ | |
| Заглавие | Девятый вал |
| 702 #1 - ИМЯ ЛИЦА - ВТОРИЧНАЯ ОТВЕТСТВЕННОСТЬ | |
| Начальный элемент ввода | Палавандова |
| Часть имени, кроме начального элемента ввода | Там. Ал-др. |
| Код отношения | Редактор |
| 801 #0 - ИСТОЧНИК ЗАПИСИ | |
| Страна | Российская Федерация |
| Организация | NLR |
| Дата составления | 20080514 |
| Правила каталогизации | PSBO |
| Источник данных | gzdor_isis |
| 801 #2 - ИСТОЧНИК ЗАПИСИ | |
| Страна | Российская Федерация |
| Организация | NLR |
| Дата составления | 20080514 |
| Правила каталогизации | PSBO |
| Источник данных | rusmarc |
| 852 ## - МЕСТОНАХОЖДЕНИЕ И ШИФР ХРАНЕНИЯ | |
| Идентификатор организации | NLR |
| Шифр хранения (Call Number) | 1-Р/2-Ти-9 |
| 942 ## - ДОПОЛНИТЕЛЬНЫЕ ЭЛЕМЕНТЫ ЗАПИСИ (АБИС) | |
| Тип экземпляра АБИС | Газета |
| 980 ## - КОЛЛЕКЦИЯ | |
| Название коллекции | Газеты России (1703 - 1917) |
Нет доступных экземпляров.